| 000 | 00604nam a2200229Ia 4500 | ||
|---|---|---|---|
| 003 | OSt | ||
| 005 | 20230607091645.0 | ||
| 008 | 210423s2011 xx 000 0 und d | ||
| 020 | _a9788126148202 | ||
| 040 | _cAL | ||
| 041 | _aeng | ||
| 082 | _a323 JHAW | ||
| 100 |
_aJHA (Aditya) _9120971 |
||
| 245 | _aWomens rights and social change | ||
| 260 |
_aNew Delhi _bAnmol Publications _c2011 |
||
| 300 |
_avii,296 _bHB |
||
| 365 |
_b995 _cINR |
||
| 650 |
_aCivil & Political Rights _9120972 |
||
| 650 |
_aPolitical Science _9120973 |
||
| 906 | _achange ; rights ; social ; Womens | ||
| 942 |
_2ddc _cBK |
||
| 999 |
_c176098 _d176098 |
||